Central Library OPAC University of Rajshahi

Foundations of abstract mathematics / (Record no. 68685)

MARC details
000 -LEADER
fixed length control field 00864nam a2200277 a 4500
001 - CONTROL NUMBER
control field 68685
003 - CONTROL NUMBER IDENTIFIER
rucl marc code BD-RjUL
005 - DATE AND TIME OF LATEST TRANSACTION
control field 20211209081811.0
008 - FIXED-LENGTH DATA ELEMENTS--GENERAL INFORMATION
fixed length control field 170404s1992 nyua 001 0 eng d
020 ## - INTERNATIONAL STANDARD BOOK NUMBER
International Standard Book Number 0070356904 :
035 ## - SYSTEM CONTROL NUMBER
System control number (BD-RjUL)68895
040 ## - CATALOGING SOURCE
Original cataloging agency DLC
Transcribing agency DLC
Modifying agency BD-RjUL
Language of cataloging eng
041 ## - LANGUAGE CODE
Language code of text/sound track or separate title eng
082 00 - DEWEY DECIMAL CLASSIFICATION NUMBER
Classification number 511.3
Edition number 23
Author mark and year KUF 1992
100 1# - MAIN ENTRY--PERSONAL NAME
Personal name Kurtz, David C.
9 (RLIN) 203577
245 10 - TITLE STATEMENT
Title Foundations of abstract mathematics /
Statement of responsibility, etc. David C. Kurtz
260 ## - PUBLICATION, DISTRIBUTION, ETC. (IMPRINT)
Place of publication, distribution, etc. New York :
Name of publisher, distributor, etc. McGraw-Hill,
Date of publication, distribution, etc. c1992.
300 ## - PHYSICAL DESCRIPTION
Pagination xv, 190 p. :
Illustrations ill. ;
Size 25 cm.
490 1# - SERIES STATEMENT
Series statement International series in pure and applied mathematics
500 ## - GENERAL NOTE
General note Includes index.
650 #0 - SUBJECT ADDED ENTRY--TOPICAL TERM
Topical term or geographic name as entry element Logic, Symbolic and mathematical.
9 (RLIN) 203578
Topical term or geographic name as entry element Mathematics.
9 (RLIN) 203579
830 #0 - SERIES ADDED ENTRY--UNIFORM TITLE
Uniform title International series in pure and applied mathematics.
942 ## - ADDED ENTRY ELEMENTS (KOHA)
Source of classification or shelving scheme Dewey Decimal Classification
Koha item type Books
Holdings
Lost status Source of classification or shelving scheme Damaged status Not for loan Collection code Permanent Location Current Location Shelving location Date acquired Source of acquisition Cost, normal purchase price Total Checkouts Full call number Date last seen Copy number Koha item type
  Dewey Decimal Classification   Not For Loan Non-fiction Central Library, University of Rajshahi Central Library, University of Rajshahi Reading Room 09/12/2021 Aligarh Library, Dhaka 7.95   511.3 KUF 1992 04/04/2017 C-1 Books